Loreto College Library, Kolkata
WEBOPAC (ONLINE PUBLIC ACCESS CATALOGUE)

The green studies reader (Record no. 38540)

MARC details
000 -LEADER
fixed length control field 00760nam a2200229Ia 4500
005 - DATE AND TIME OF LATEST TRANSACTION
control field 20220524125200.0
008 - FIXED-LENGTH DATA ELEMENTS--GENERAL INFORMATION
fixed length control field 140110s9999 xx 000 0 und d
020 ## - ISBN | অাই এস বি এন
ISBN | অাই এস বি এন 9780415204071
PRICE 795.00
040 ## - CATALOGING SOURCE
Original cataloging agency Loreto College
041 ## - LANGUAGE CODE
Language code English
082 ## - DDC | ডিউই
Classification number | বর্গসংখ্যা 801.95
Book Number | গ্রন্থাঙ্ক COU
245 #4 - TITLE STATEMENT | অাখ্যা বিবরণী
Title | অাখ্যা The green studies reader
Sub title | উপঅাখ্যা From romanticism to ecocriticism
Statement of responsibility | লেখকের দায়িত্বের বিবরণ Edited by Laurence Coupe;with a foreword by Jonathan Bate
260 ## - IMPRINT | প্রকাশনা ক্ষেত্র
Place of publication | প্রকাশ স্থান Oxon
Name of publisher | প্রকাশকের নাম Routledge
Date of publication | প্রকাশ কাল 2000
300 ## - PHYSICAL DESCRIPTION |
Page / Vol. No | পৃষ্ঠা / খন্ড সংখ্যা xvii,315p.
504 ## - BIBLIOGRAPHY, ETC. NOTE
Bibliography, etc Includes bibliographical references,glossary and index
630 ## - SUBJECT ADDED ENTRY--UNIFORM TITLE
Uniform title Environmental protection in literature
650 ## - SUBJECT ADDED ENTRY--TOPICAL TERM | বিষয় শিরোনাম - মূল বিষয়
Topical term | মূল বিষয় Ecology in literature
651 ## - SUBJECT ADDED ENTRY--GEOGRAPHIC NAME | বিষয় শিরোনাম - ভৌগলিক নাম
Geographic name | ভৌগলিক বিষয় English literature-History and criticism
700 ## - ADDED ENTRY--PERSONAL NAME | অতিরিক্ত সংলেখ - ব্
Personal name | ব্যাক্তিনাম Coupe,Laurence
Relator code | দায়িত্ব নির্দেশক ed.
850 ## - HOLDING INSTITUTION
Holding institution LCLIB
Sub Holdings Post Graduate
942 ## - ADDED ENTRY ELEMENTS (KOHA)
Koha item type Books
Holdings
Withdrawn status Lost status Source of classification Damaged status Not for loan Home library Current library Shelving location Date acquired Price Total Checkouts Full call number Accession No. Date last seen Price effective from Koha item type Coded location qualifier
    Dewey Decimal Classification     Loreto College Loreto College Post Graduate 04/11/2013 795.00   801.95 COU 49740 B41993 04/11/2013 04/11/2013 Books